000 00253nam a22001217a 4500
008 180220b xxu||||| |||| 00| 0 eng d
041 _aeng
080 _a030
100 _a23
101 _aenc
245 _anew encyclopedia
_cfunl.w
942 _2udc
_cBK
999 _c42909
_d42909